Art and Architecture in Spain and Portugal and their American Dominions 1500 to 1800 (Record no. 2490)
[ view plain ]
| 000 -CABECERA | |
|---|---|
| campo de control de longitud fija | 01055nam a2200301 a 4500 |
| 001 - NÚMERO DE CONTROL | |
| campo de control | BRCA_2750 |
| 005 - FECHA Y HORA DE LA ÚLTIMA TRANSACCIÓN | |
| campo de control | 20190320203943.0 |
| 008 - DATOS DE LONGITUD FIJA--INFORMACIÓN GENERAL | |
| campo de control de longitud fija | 051208s1959----enka---###---#000-0#eng-u |
| 041 ## - CÓDIGO DE LENGUA | |
| Código de lengua del texto/banda sonora o título independiente | eng |
| 044 ## - CÓDIGO DEL PAÍS DE LA ENTIDAD EDITORA/PRODUCTORA | |
| Código MARC del país | enk |
| 050 #4 - SIGNATURA TOPOGRÁFICA DE LA BIBLIOTECA DEL CONGRESO | |
| Número de clasificación | N7104 |
| Número de documento/Ítem | .K83 1 |
| -- | 1959 |
| 100 1# - ENTRADA PRINCIPAL--NOMBRE DE PERSONA | |
| Nombre de persona | Kubler, George Alexander |
| Fechas asociadas al nombre | 1912-1996 |
| 9 (RLIN) | 3904 |
| 245 10 - MENCIÓN DE TÍTULO | |
| Título | Art and Architecture in Spain and Portugal and their American Dominions 1500 to 1800 |
| Mención de responsabilidad, etc. | George Kubler, Martin Soria. |
| 260 ## - PUBLICACIÓN, DISTRIBUCIÓN, ETC. | |
| Lugar de publicación, distribución, etc. | Gran Bretaña |
| Nombre del editor, distribuidor, etc. | Penguin Books |
| Fecha de publicación, distribución, etc. | 1959 |
| 300 ## - DESCRIPCIÓN FÍSICA | |
| Extensión | xxviii, 445 p. |
| Otras características físicas | il., 192 láminas |
| Dimensiones | 27 cm. |
| 440 #0 - MENCIÓN DE SERIE/PUNTO DE ACCESO ADICIONAL--TÍTULO | |
| Título | The Pelican history of art |
| Designación de volumen o secuencia | Z17 |
| 9 (RLIN) | 7747 |
| 500 ## - NOTA GENERAL | |
| Nota general | Incluye índice alfabético, lista de abreviaturas y lista de ilustraciones |
| 500 ## - NOTA GENERAL | |
| Nota general | Ejemplar igual a CEF120 |
| 500 ## - NOTA GENERAL | |
| Nota general | AA72 |
| 504 ## - NOTA DE BIBLIOGRAFÍA, ETC. | |
| Nota de bibliografía, etc. | Bibliografía: p. 403-416 |
| 650 14 - PUNTO DE ACCESO ADICIONAL DE MATERIA--TÉRMINO DE MATERIA | |
| Término de materia o nombre geográfico como elemento de entrada | Arte |
| Subdivisión geográfica | España |
| 9 (RLIN) | 2064 |
| 650 14 - PUNTO DE ACCESO ADICIONAL DE MATERIA--TÉRMINO DE MATERIA | |
| Término de materia o nombre geográfico como elemento de entrada | Arquitectura |
| Subdivisión geográfica | Portugal |
| 9 (RLIN) | 1497 |
| 650 14 - PUNTO DE ACCESO ADICIONAL DE MATERIA--TÉRMINO DE MATERIA | |
| Término de materia o nombre geográfico como elemento de entrada | Arte |
| Subdivisión geográfica | Hispanoamérica |
| 9 (RLIN) | 7748 |
| 650 14 - PUNTO DE ACCESO ADICIONAL DE MATERIA--TÉRMINO DE MATERIA | |
| Término de materia o nombre geográfico como elemento de entrada | Arquitectura |
| Subdivisión geográfica | Hispanoamérica |
| 9 (RLIN) | 7749 |
| 700 1# - PUNTO DE ACCESO ADICIONAL--NOMBRE DE PERSONA | |
| Nombre de persona | Soria, Martin Sebastian |
| Término indicativo de función/relación | Coautor |
| 9 (RLIN) | 7750 |
| 902 ## - CATALOGADOR | |
| Iniciales | GFM |
| 942 ## - ELEMENTOS DE PUNTO DE ACCESO ADICIONAL (KOHA) | |
| Fuente del sistema de clasificación o colocación | Library of Congress Classification |
| Tipo de ítem Koha | Libros |
| Estado de retiro | Estado de pérdida | Estado dañado | No para préstamo | Localización permanente | Ubicación/localización actual | Fecha de adquisición | Número de inventario | Total de préstamos | Signatura topográfica completa | Código de barras | Fecha visto por última vez | Precio válido a partir de | Tipo de ítem Koha |
|---|---|---|---|---|---|---|---|---|---|---|---|---|---|
| El ejemplar forma parte de la colección y puede ser consultado según las políticas vigentes. | Biblioteca del Museo Franz Mayer (Rogerio Casas-Alatriste) | Biblioteca del Museo Franz Mayer (Rogerio Casas-Alatriste) | 05/12/2008 | AA72 | N7104 .K83 1 1959 (AA72) | 2747 | 22/03/2019 | 22/03/2019 | Libros |